00261nam a2200097Ia 4500008004000000082001700040100002800057245003300085260003700118300000800155210210b1970 xxu||||| |||| 00| 0 eng d a338.954 DEWE aDEWETT (Kewal Krishan). aElementary Indian economics. aDelhibS. Chand & Co. Ltd.c1970 a477